[Event "Høstturneringen 2013"]
[Site "Ås, Akershus NOR"]
[Date "2013.10.10"]
[Round "4"]
[White "Bakken, Svein-Erik"]
[Black "Heien, Aksel"]
[Result "1-0"]
[WhiteElo "1423"]
[BlackElo "961"]
[Annotator "Lea, Per"]
[PlyCount "121"]
[EventDate "2013.09.05"]

1. d4 d5 2. c4 e5 {Friskt spill - passer for dem som liker å angripe og er
villig til å gi materiell for å få det til. Åpningen er oppkalt etter Adolf
Albin, setter at han spilte den mot Emanuel Lasker i New York 1893.} 3. dxe5 {
Eneste måte å prøve å få fordel} d4 4. Nf3 ({
Alle "Albinister" håper at hvit skal gå i denne fella:} 4. e3 Bb4+ 5. Bd2 dxe3
6. Bxb4 exf2+ 7. Ke2 fxg1=N+ 8. Ke1 Qh4+ 9. Kd2 Nc6 {
med overlegen svart stilling}) 4... Nc6 5. g3 Bb4+ ({Vanligere er} 5... Nge7) (
{og svart kan til og med insistere på å spille gambit:} 5... f6) 6. Bd2 a5 7.
a3 Bxd2+ 8. Nbxd2 Nge7 9. Bg2 O-O 10. O-O Bg4 11. Qc2 Qd7 12. Rad1 Bxf3 {
Ingen grunn til å bytte bort løperen her} ({Bedre var} 12... Qf5 13. Qxf5 Bxf5
14. Nh4 Nxe5 15. Nxf5 Nxf5) 13. Nxf3 Rfd8 14. Rd2 Qe6 15. Rfd1 Nxe5 16. Nxe5 ({
Enda bedre var} 16. Nxd4 Qxc4 17. Qxc4 Nxc4 18. Rc2 Nd6) 16... Qxe5 17. Bxb7
Rab8 18. Bf3 c6 ({Hvorfor ikke} 18... c5 {med en gang?}) 19. e3 c5 20. exd4
Rxd4 21. Rxd4 cxd4 22. Qd3 {
Hvorfor ikke bare begynne å gå med fribonden i c-linja?} Rd8 $2 {
Passivitet lønner seg ikke når man står nest best} (22... Rxb2 {er klart å ke:
tårnet blir mer aktivt, og de hvite bøndene på dronningfløyen blir spilittet})
23. b4 $1 axb4 24. axb4 g6 25. c5 Nc8 26. Qc4 Qf6 27. Bg2 h5 28. b5 Qe5 29. Bf1
Rd5 30. c6 Rc5 $2 {Gir bort en viktig bonde helt gratis} 31. Qxd4 Qxd4 32. Rxd4
Kg7 33. Rd7 Nb6 34. Rb7 Nd5 35. Bh3 Kf6 36. Kg2 g5 37. Kg1 g4 38. Bf1 Ke6 39.
h3 Kf6 40. Kg2 Kg6 41. Be2 f5 42. hxg4 hxg4 43. Rb8 Kg5 44. Rd8 Nc3 45. Bd3
Nxb5 {Resignasjon - men svart har knapt nok fornuftige trekk. Nå går c-bonden
rett inn} 46. Bxb5 Rxb5 47. c7 Rc5 48. c8=Q Rxc8 49. Rxc8 {Resten er teknikk}
Kf6 50. Re8 Kf7 51. Re1 Kf6 52. Kf1 Kf7 53. Ke2 Kf6 54. Ke3 Ke5 55. Kd3+ Kd5
56. Re8 Kd6 57. Ke3 Kd5 58. Kf4 Kd6 59. Kxf5 Kd7 60. Re1 Kd6 61. Kxg4 1-0

[Event "Høstturneringen 2013"]
[Site "Ås, Akershus NOR"]
[Date "2013.10.17"]
[Round "5"]
[White "Kielland-Lund, Jon"]
[Black "Furnes, Torstein"]
[Result "1/2-1/2"]
[WhiteElo "1613"]
[BlackElo "1575"]
[Annotator "Furnes, Torstein"]
[PlyCount "67"]
[EventDate "2013.09.05"]

1. c4 e5 2. Nc3 Nf6 3. Nf3 Nc6 4. e3 Bb4 5. Qc2 Bxc3 6. Qxc3 Qe7 7. a3 a5 (7...
d5 {er litt vanligere i åpningsbiblioteket til Fritz 10.} 8. d4 exd4 9. Nxd4
Nxd4 10. Qxd4 c5) 8. Rb1 e4 9. Nd4 O-O 10. Be2 Ne5 11. O-O Nfg4 $6 (11... d5)
12. f3 exf3 13. Nxf3 b6 $4 14. d4 ({Hvit vinner materiell etter} 14. h3 Nxf3+
15. Bxf3 Nf6 16. Bxa8 c6 17. b4 axb4 18. axb4 Ba6 19. b5 Rxa8 20. bxa6 Rxa6 $18
) 14... Ng6 15. h3 Nf6 16. Kh2 Ne4 17. Qe1 Qd6+ 18. g3 Bb7 19. Nd2 Ng5 20. Nf3
Ne4 21. Nd2 Rae8 22. Bf3 Re7 23. Nxe4 Bxe4 24. Bxe4 Rxe4 25. Bd2 Rfe8 26. Qf2
Qe6 27. Rbc1 Re7 28. Qf5 Qxf5 29. Rxf5 d6 30. c5 dxc5 31. dxc5 b5 32. c6 Ne5
33. Bxa5 Rxe3 {Denne stillingen vurderer Fritz 10 som helt lik (0.00), men
hvits neste trekk er en liten feil.} 34. Rc2 $6 ({I tidsnød tok svart imot
hvits remistilbud. Men svart kunne vunnet kvalitet etter} 34. Rc2 $6 Nf3+ 35.
Rxf3 (35. Kg2 Nd4) 35... Rxf3) 1/2-1/2

[Event "Høstturneringen 2013"]
[Site "Ås, Akershus NOR"]
[Date "2013.10.17"]
[Round "5"]
[White "Flügel, Stefan"]
[Black "Høva, Frode"]
[Result "1-0"]
[WhiteElo "1675"]
[BlackElo "1578"]
[PlyCount "55"]
[EventDate "2013.09.05"]

1. f4 c5 2. Nf3 Nc6 3. g3 Nf6 4. Bg2 g6 5. d3 d5 6. O-O Bg7 7. c3 O-O 8. Qc2 d4
9. Na3 h6 10. Nc4 Be6 11. Nce5 Bd5 12. e4 dxe3 13. Bxe3 Nxe5 14. Nxe5 Rc8 15.
Bh3 e6 16. c4 Bc6 17. Rad1 Nd7 18. d4 cxd4 19. Nxc6 Rxc6 20. Bxd4 Bxd4+ 21.
Rxd4 Qb6 22. Qf2 Nf6 23. Rfd1 Rfc8 24. b3 Kg7 25. Kf1 Qb4 26. Qe2 b5 $2 27.
cxb5 Rc2 28. Rxb4 1-0

[Event "Høstturneringen 2013"]
[Site "Ås, Akershus NOR"]
[Date "2013.10.17"]
[Round "5"]
[White "Seim, Fredrik"]
[Black "Thowsen, Alf Geir"]
[Result "1-0"]
[WhiteElo "1570"]
[BlackElo "1166"]
[PlyCount "31"]
[EventDate "2013.09.05"]

1. Nc3 e5 2. Nf3 Nc6 3. d4 exd4 4. Nxd4 Nxd4 5. Qxd4 Nf6 6. e4 d6 7. Bg5 Be7 8.
O-O-O Be6 9. Be2 O-O 10. f4 Nd7 $4 11. Bxe7 Qxe7 12. f5 Bxf5 13. exf5 Qg5+ 14.
Kb1 Qxf5 15. Bg4 c5 16. Qa4 1-0

[Event "Høstturneringen 2013"]
[Site "Ås, Akershus NOR"]
[Date "2013.10.17"]
[Round "5"]
[White "Moberg, Jan Rune"]
[Black "Simonsen, Steinar"]
[Result "1-0"]
[WhiteElo "1500"]
[BlackElo "1351"]
[Annotator "Fritz 10"]
[PlyCount "73"]
[EventDate "2013.09.05"]

1. d4 d5 2. c4 e6 3. Nf3 Nf6 4. g3 c5 5. dxc5 Bxc5 6. Bg2 O-O 7. O-O dxc4 8.
Qc2 Qc7 9. Nc3 Bd7 10. e4 Nc6 11. a3 Nd4 12. Nxd4 Bxd4 13. Ne2 Bb6 14. Bf4 e5
15. Bd2 Be6 16. Nc3 Rac8 17. Bg5 Nd7 18. Nd5 Bxd5 19. exd5 Qd6 20. Rad1 h6 21.
Bd2 Nf6 22. Bc3 Rfe8 23. Rfe1 Ng4 24. Re2 Nf6 25. Qd2 a5 26. Rde1 Nd7 27. Bh3
Rc5 28. Bxd7 Qxd7 29. Rxe5 Rd8 30. Qe3 (30. Qd4 $1 f6 31. Re6 $18) 30... Qd6 (
30... Rb5) 31. Re8+ Rxe8 32. Qxe8+ Kh7 33. Qxf7 Rc7 34. Qf5+ Qg6 35. Qxg6+ Kxg6
36. Re6+ Kf5 37. Rxb6 1-0

[Event "Høstturneringen 2013"]
[Site "Ås, Akershus NOR"]
[Date "2013.10.17"]
[Round "5"]
[White "Olsen, Trygve"]
[Black "Bakken, Svein-Erik"]
[Result "1-0"]
[WhiteElo "1244"]
[BlackElo "1423"]
[Annotator "Furnes, Torstein"]
[PlyCount "61"]
[EventDate "2013.09.05"]

1. e4 c5 2. Nf3 Nc6 3. b3 e6 4. Bb2 Nf6 5. d3 Be7 6. e5 Nd5 7. c4 Nf4 8. g3 Ng6
9. Bg2 Qc7 10. O-O Ncxe5 11. Nxe5 Nxe5 12. f4 Nc6 13. Bxg7 Rg8 14. Bb2 Nd4 15.
Be4 Bf6 16. Nc3 h6 17. Nb5 Qb6 18. Rb1 a6 19. Nc3 d6 20. a4 Bd7 21. f5 Qd8 22.
Qh5 Qe7 23. fxe6 Qxe6 24. Nd5 Bd8 25. Rbe1 Rg5 26. Qd1 ({
Følgende morsomme computer-varianter vinner mest effektivt ifølge Fritz 10:} 
26. Qxf7+ $1 Qxf7 27. Bg6+ Re5 28. Rxf7 Bh3 29. Re4 Rxe4 30. dxe4 $18) (26. Bg6
$1 Rxg6 (26... Rxh5 27. Bxf7+ Kf8 28. Bxe6+) 27. Bxd4 cxd4 28. Qf3 Rg7 29.
Rxe6+ Bxe6 30. Nf4 $18) 26... Kf8 27. Nf4 (27. Bxd4 cxd4 28. Bf5 $18) 27... Qg4
28. Qxg4 Bxg4 29. b4 Kg8 30. Kg2 (30. Bxd4 cxd4 31. Bxb7) 30... b5 $2 31. Bxa8
1-0

[Event "Høstturneringen 2013"]
[Site "Ås, Akershus NOR"]
[Date "2013.10.17"]
[Round "5"]
[White "Petersen, Rune J"]
[Black "Garmark, Vegard"]
[Result "0-1"]
[WhiteElo "899"]
[BlackElo "1225"]
[PlyCount "86"]
[EventDate "2013.09.05"]

1. d4 d5 2. Nf3 Nf6 3. Bg5 e6 4. e3 Nbd7 5. Bb5 c6 6. Be2 Be7 7. Ne5 Nxe5 8.
dxe5 Nd7 9. Bxe7 Qxe7 10. f4 Qb4+ 11. Nd2 Qc5 12. O-O Qxe3+ 13. Kh1 O-O 14. Rf3
Qb6 15. Nb3 f6 16. Rh3 fxe5 17. Bg4 $2 Nf6 18. fxe5 $2 Ne4 19. Qd4 Qxd4 20.
Nxd4 Nf2+ 21. Kg1 Nxg4 22. Nf3 Bd7 23. Re1 c5 24. c3 b5 25. Ng5 h6 26. Nf3 Be8
27. Rh4 h5 28. h3 Nh6 29. Ng5 Nf5 30. Rf4 Bd7 31. Ref1 Ne3 32. Rxf8+ Rxf8 33.
Rxf8+ Kxf8 34. Kf2 Nc4 35. b3 Nxe5 36. Ke3 Ke7 37. h4 Ng6 38. g3 a5 39. b4 axb4
40. cxb4 cxb4 41. Kd3 e5 42. Ke3 Kd6 43. Nf7+ Kc5 0-1

[Event "Høstturneringen 2013"]
[Site "Ås, Akershus NOR"]
[Date "2013.10.31"]
[Round "6"]
[White "Furnes, Torstein"]
[Black "Lea, Per"]
[Result "1/2-1/2"]
[WhiteElo "1576"]
[BlackElo "1658"]
[Annotator "Lea, Per"]
[PlyCount "112"]
[EventDate "2013.09.05"]

1. d4 d5 2. c4 e6 3. Nc3 Nf6 4. Bg5 Be7 5. e3 c6 6. Nf3 Nbd7 7. Rc1 O-O 8. Bd3
dxc4 9. Bxc4 Nd5 10. Bxe7 Qxe7 11. O-O Nxc3 12. Rxc3 e5 13. dxe5 Nxe5 14. Nxe5
Qxe5 {Mer klassisk dronninggambit kan det ikke bli. De 17 første trekkene gikk
unna på 7-8 minutter totalt!} 15. f4 ({Hvit valgte} 15. Qb3 {i vårt møte i
høstturneringa 2011, i et parti som svart vant. Dronningtrekket virker på
mange måter naturlig, med potensielle trusler mot f7 og b7.}) ({
En annen av Follos "klassisister" - Svein-Erik Bakken - spilte} 15. Qc2 {
mot meg i høstturneringa 2000, med remis som resultat:} Bf5 16. Bd3 Bxd3 17.
Rxd3 Rfd8 18. Rfd1 Qc7 19. h3 h6 20. Qd2 Rxd3 21. Qxd3 Re8 22. Qd7 Re7 23. Qd8+
Kh7 24. Qxc7 Rxc7 25. f4 Kg6 26. g4 Kf6 27. Kf2 Ke7 28. e4 Rd7 29. Rxd7+ Kxd7
30. Ke3 Kd6 31. b4 b6 {
med remis etter ytterligere ca 10 trekk. HVit kunne fått et ørlite overtak med}
32. h4 ({men spilte i stedet} 32. Kd4 {
og Critter 1.6 vurderer stillingen til =0,00 - altså fullstendig lik})) ({
I høstturneringa 2005 prøvde Svein-Erik i stedet} 15. Re1 Be6 16. Qc2 Bxc4 17.
Rxc4 Rad8 18. b3 Rd7 19. Rh4 h6 20. Re4 Qa5 21. b4 Qb6 22. Rd1 Rxd1+ 23. Qxd1
Rd8 24. Rd4 Rxd4 25. Qxd4 Qxd4 26. exd4 f5 {Bondesluttspillet er litt bedre
for svart: den isolerte bonden på d4 kunne blitt en avgjørende svakhet} 27. f3
Kf7 28. Kf2 Ke6 29. Ke3 Kd5 30. Kd3 g6 31. a4 b6 32. g3 a6 33. h3 $2 {
Tapstrekket!} (33. f4 {
ville muligens holdt til remis, men nå vant svart 20 trekk seinere})) 15... Qe7
{Av en eller annen grunn har jeg fått det for meg at dette er det beste feltet
for dronninga. Men unsett hvor svart går, er den hvite f- bonden der som en
tornado.} 16. f5 Rd8 17. f6 gxf6 ({Kanskje ingen estetisk nytelse, men} 17...
Rxd1 $4 18. fxe7 Rxf1+ 19. Bxf1 $3 {Oppgitt(!), som i Stake-Larsen - Lea, ØS
2005 frister ikke akkurat til noen gjentakelse! For den som ikke skjønte det:}
Bf5 (19... Be6 20. Rd3 Bd5 21. e4 f5 22. exd5 cxd5 23. Rxd5 Re8 24. Rxf5 g5 (
24... Rxe7 25. Bc4+ Kh8 26. Rf8#) 25. Bc4+ Kg7 26. Rf7+ Kg6 27. Kf2 {
med lett vinst}) 20. e4 Bxe4 21. Re3 Re8 22. Rxe4) 18. Qh5 Rd2 $4 (18... Be6 {
ble forkastet på grunn av} 19. Bd3 f5 20. Bxf5 Bxf5 21. Qxf5 {men det er ingen
grunn til å se på dette som et bondetap; snarere gir svart bare tilbake bonden
som hvit ofret tidligere. Men svarts kongestilling er ikke akkurat noe vakkert
syn!}) 19. e4 $1 Be6 20. Rg3+ Kh8 21. Rf4 $4 {
Ser umiddelbart sterkt ut, men trekket er en stor feil!} f5 $1 {Det eneste!
Jeg er litt stolt over å ha funnet det! Nå er det plutselig svart som står
ørite grann bedre.} 22. exf5 $2 {Nok en bukk} (22. Qh6 $1 f6 23. Rxf5 (23. Bxe6
{ville vært en stor feil:} Qc5+ 24. Kh1 Qc1+ 25. Rf1 Qxf1#) 23... Bxf5 24. Qxd2
Bxe4) 22... Bxc4 23. h3 {Jeg trodde dette var et kjempesterkt redningstrekk,
men etter svarts beste svar skal det være klar fordel for svart. Men nå var
det Pay-back-time:} Be2 $4 {Hele fordelen rett i fanget på hvit!} ({
Det for meg totalt ulogiske} 23... Rd3 {beholder svarts fordel. Men under
partiet var jeg aldri i nærheten av å vurdere dette trekket.} 24. Rgg4 (24.
Rxd3 Bxd3 {og hvits angrep er som fordunstet}) 24... Rd1+ 25. Kh2 Be2 {
bør vinne greit}) 24. Qh6 f6 25. Re4 $1 {Morsomt sett!} Rd1+ 26. Kh2 (26. Kf2
$4 Qc5+ 27. Kxe2 (27. Qe3 Qxf5+ 28. Rf3 Bxf3 29. Qxf3 {0-1}) 27... Qc2+ 28. Kf3
Rf1+ 29. Kg4 Qxe4+ 30. Kh5 Rxf5+ {0-1}) 26... Qf8 27. Qxf8+ Rxf8 28. Rxe2 Rd7 {
Hvit må for all del ikke få invadere sjuenderaden.Den åpne g-linja til hvit er
dessuten skummel.} 29. Rge3 (29. Re6 {var kanskje litt mer aggressivt}) 29...
Kg7 30. g4 h5 31. Kg3 {
Svarts svake f-bonde til tross: Critter 1.6 mener at stillingen er helt lik.}
Kh6 32. Re7 Rf7 33. Rxf7 Rxf7 34. Re6 hxg4 {Å slå med bonden er vel mer
naturlig her.Sammenhengende bønder må være langt bedre enn h- og f-bønder i et
tårnsluttspill.} 35. Kxg4 Rg7+ 36. Kf4 Rf7 {Svarts tårn utgjør et bedrøvelig
skue! Å ha tårnet bak (fri)bonden er en ting, men denne stakkars melkebonden
på f6 har ikke de helt store framtidsutsiktene.} 37. h4 Kh5 38. Re8 Kh6 ({
"Alle" ser selvfølgelig} 38... Kxh4 39. Rh8+ {med matt i neste}) 39. Rg8 Kh7
40. Rg6 Kh8 41. h5 {Under partiet fryktet jeg at denne stillingen var tapt for
svart, men virkeligheten er nok ikke fullt så enkel. Men på grunn av sin
aktive stilling er det i hvert fall klart at det er hvit som står best. Men om
det holder til seier, er et annet spørsmål.} Kh7 42. h6 Kh8 43. Ke4 (43. b4 {
for å vanskeliggjøre at svart kan få til noe med bondemajoritetenpådronningflø
yen, hadde værrt en enda bedre plan.}) 43... Re7+ {Det er skummelt å gi opp
dekninga av f-bonden, men om det svart vil for enhver pris hindre at den hvite
kongen trenger inn i stillingen.} 44. Kd4 c5+ 45. Kc4 b5+ $4 {Critter dømmer
dette nord og ned: selv var jeg rimelig bra fornøyd med det. Motspill for
enhver pris!} 46. Kxb5 Rb7+ 47. Kxc5 Rxb2 48. Rxf6 {Hvit burde ventet litt med
å sluke denne; heller frammarsj med a-bonden for å hindre at svart blir
stående med en langt framskreden fribonde etter et tårnbytte.} Rxa2 49. Rf7 a5
$4 {Som med de fleste trekkene jeg mener er gode: de bare gir vinnende fordel
for motstanderen.} 50. f6 a4 $4 {Her er ikke 2 spørsmålstegn tilstrekkelig.}
51. Kb4 $4 {
Takk i like måte! Dermed redusertes hvits vinststilling til død remis!} (51.
Ra7 {vinner i (nesten) alle varianter!}) 51... Rh2 52. h7 ({Også her vinner} 
52. Ra7 {f.eks.:} Rxh6 53. Ra8+ Kh7 54. f7) 52... Rh4+ (52... Rxh7 53. Rf8# {
hadde vært en festlig avslutning på en alle tiders bukkekavalkade.}) 53. Ka3
Rf4 {Nå viser tårnet sin styrke: bak fribøndene! Hvit mister en livsviktig
bonde hvis han flytter tårnet.} 54. Ka2 Rf3 55. Kb2 Rf2+ 56. Ka3 Rf4 {
med remistilbud - som ble akseptert} 1/2-1/2

[Event "Høstturneringen 2013"]
[Site "Ås, Akershus NOR"]
[Date "2013.10.31"]
[Round "6"]
[White "Seim, Fredrik"]
[Black "Flügel, Stefan"]
[Result "1-0"]
[WhiteElo "1570"]
[BlackElo "1675"]
[PlyCount "89"]
[EventDate "2013.09.05"]

1. e4 e6 2. d4 d5 3. Nc3 Bb4 4. e5 c5 5. a3 Bxc3+ 6. bxc3 Qa5 7. Bd2 Qa4 8. Qg4
Kf8 9. Qd1 Nc6 10. Nf3 Nge7 11. Bd3 cxd4 12. cxd4 Nxd4 13. Bb4 Ndc6 14. Bd6
Qa5+ 15. Nd2 Qc3 16. O-O Nxe5 17. Nf3 N5g6 18. Re1 Bd7 19. Bb4 Qc7 20. c4 a5
21. Bc3 b5 22. Bxg6 hxg6 23. Be5 Qd8 24. c5 f6 25. Bd6 Kf7 26. Nd4 Nf5 27. Nxf5
gxf5 28. Qd4 g5 29. Rac1 Rh4 30. Qd1 Bc6 31. Bg3 Re4 32. Qh5+ Kg7 33. Rxe4 fxe4
34. h4 Qe8 35. Qg4 Qf7 36. hxg5 f5 37. Qh4 Qg6 38. Qf4 Rc8 39. Qd6 Kf7 40. Rc3
Qxg5 41. Bf4 Qg4 42. Rh3 Re8 43. Qc7+ Re7 44. Rh7+ Kg6 45. Qxe7 1-0

[Event "Høstturneringen 2013"]
[Site "Ås, Akershus NOR"]
[Date "2013.11.14"]
[Round "6"]
[White "Høva, Frode"]
[Black "Kielland-Lund, Jon"]
[Result "0-1"]
[WhiteElo "1578"]
[BlackElo "1613"]
[PlyCount "112"]
[EventDate "2013.09.05"]

1. d4 d5 2. c4 c6 3. Nf3 Nf6 4. Nc3 dxc4 5. a4 Bf5 6. Ne5 Nbd7 7. Nxc4 Qc7 8.
g3 e5 9. dxe5 Nxe5 10. Bf4 Nfd7 11. Bg2 f6 12. O-O Nc5 13. Qe1 Rd8 14. Rd1 Rxd1
15. Qxd1 Ne6 16. Bxe5 fxe5 17. e4 Bg6 18. f4 Bc5+ 19. Kh1 exf4 20. gxf4 Nxf4
21. Qg4 O-O 22. e5 Nxg2 23. Rxf8+ Kxf8 24. Kxg2 Qe7 25. Ne4 Bxe4+ 26. Qxe4 Qg5+
27. Kh3 Qh5+ 28. Kg2 Qg6+ 29. Qxg6 hxg6 30. Kf3 b5 31. Na5 bxa4 32. Nxc6 a6 33.
Ke4 a3 34. bxa3 Bxa3 35. Kd5 g5 36. h3 Ke8 37. e6 Bc1 38. e7 Ba3 39. Ke6 Bc5
40. Nb8 a5 41. Na6 Bxe7 42. Nc7+ Kf8 43. Nd5 Bf6 44. Nb6 Bd4 45. Na4 g6 46. Kd5
Be3 47. Ke6 Kg7 48. Nc3 Kh6 49. Kd5 Bd2 50. Ne4 Be1 51. Nf6 a4 52. Kc4 a3 53.
Kb3 Bb4 54. Ka2 Kg7 55. Ne4 Be7 56. Kb3 Kf7 0-1

[Event "Høstturneringen 2013"]
[Site "Ås, Akershus NOR"]
[Date "2013.10.31"]
[Round "6"]
[White "Moberg, Jan Rune"]
[Black "Olsen, Trygve"]
[Result "1-0"]
[WhiteElo "1500"]
[BlackElo "1244"]
[Annotator "Lea, Per"]
[PlyCount "91"]
[EventDate "2013.09.05"]

1. d4 d5 2. c4 c6 3. Qc2 f5 4. Bf4 Nf6 5. Nf3 g6 6. e3 Bg7 7. Nc3 O-O 8. Bd3
Ne4 9. Be5 Nd7 10. Bxg7 Kxg7 11. cxd5 Nxc3 12. bxc3 cxd5 13. c4 Nf6 14. O-O e6
15. Ne5 Nd7 16. cxd5 Nxe5 17. dxe5 Qxd5 18. f4 Bd7 19. Rad1 Qa5 20. Qe2 Rac8
21. Rb1 Rc7 22. Rfc1 Rfc8 23. Rc4 b5 24. Rxc7 Rxc7 25. Bxb5 Bxb5 26. Rxb5 Rc1+
27. Kf2 Qa4 28. Rb2 a5 29. Qd2 Rc7 30. h4 Rd7 31. Qc2 Qa3 32. Rb3 Qe7 33. g3
Qd8 34. Qc6 a4 35. Rb7 Rxb7 36. Qxb7+ Kh6 37. Qb4 Qe8 38. e4 fxe4 39. Qxe4 Qb5
40. Qe2 Qb4 41. Ke3 a3 42. Qd2 Qb1 43. Kf3 Qb2 44. Ke2 Qb1 $4 (44... Kh5 {
er fordelaktig for svart - i stedet går han inn i en matt i 5 trekk. Der røk
nok nattesøvnen!}) 45. f5+ Kg7 46. f6+ {
Svart ga opp, da han er matt i max. 3 trekk uansett hvor han går med kongen}
1-0

[Event "Høstturneringen 2013"]
[Site "Ås, Akershus NOR"]
[Date "2013.10.31"]
[Round "6"]
[White "Aalmo, Alexander"]
[Black "Thowsen, Alf Geir"]
[Result "1/2-1/2"]
[WhiteElo "1104"]
[BlackElo "1166"]
[PlyCount "130"]
[EventDate "2013.09.05"]

1. d4 Nf6 2. Nf3 d5 3. Bg5 Nc6 4. e3 Ne4 5. Bh4 h6 6. c4 g5 7. Bg3 Nxg3 8. hxg3
e6 9. Nc3 Bg7 10. cxd5 exd5 11. Qb3 Ne7 12. Be2 c6 13. O-O-O Qc7 14. Bd3 Be6
15. Kb1 O-O-O 16. Rc1 Kb8 17. Na4 Bd7 18. Nc5 Qb6 19. Qa3 Nf5 20. Nxd7+ Rxd7
21. Bxf5 Bf8 22. Qc3 Rc7 23. Nxg5 Bg7 24. Nf3 Re8 25. Qd2 c5 26. dxc5 Rxc5 27.
Rxc5 Qxc5 28. Rc1 Qb5 29. Nd4 Qb6 30. Rc3 Qf6 31. Qc2 a6 32. Rc8+ Rxc8 33.
Qxc8+ Ka7 34. Qc5+ Kb8 35. Qxd5 Qe7 36. Qd7 Qb4 37. Qc8+ Ka7 38. Nc6+ bxc6 39.
Qc7+ Qb7 40. Qxb7+ Kxb7 41. Kc2 c5 42. Be4+ Kc7 43. Bd5 f6 44. g4 Kd6 45. e4
Ke5 46. g3 Bf8 47. Kd3 Be7 48. Kc4 Kd6 49. Bb7 a5 50. Kb5 Bd8 51. f4 Bc7 52.
Bc8 Bd8 53. Kc4 Be7 54. a3 Bd8 55. b4 cxb4 56. axb4 axb4 57. Kxb4 Bb6 58. g5
hxg5 59. e5+ fxe5 60. fxg5 Ke7 61. Bf5 Kf7 62. Kc4 Kg7 63. Kd5 Bd4 64. Ke6 Be3
65. Be4 Bd4 1/2-1/2

[Event "Høstturneringen 2013"]
[Site "Ås, Akershus NOR"]
[Date "2013.10.31"]
[Round "6"]
[White "Heien, Aksel"]
[Black "Simonsen, Steinar"]
[Result "0-1"]
[WhiteElo "961"]
[BlackElo "1351"]
[Annotator "Lea, Per"]
[PlyCount "38"]
[EventDate "2013.09.05"]

1. e4 e6 2. d4 d5 3. Nd2 {Unge Heien har begynt å spille moderne! Dette lover
bra. De fleste av oss gamlekara spiller springeren til c3 på autopilot - "for
det står i Heiestads bok fra 1950-tallet".} Nf6 4. e5 Nfd7 5. Bd3 c5 {
Et nøkkeltrekk i de fleste franske varianter. Vi overlater til vårt frankofile
medlem Terje Christoffersen å forklare oss hva det heter på fransk.} 6. c3 Nc6
7. Ne2 Qb6 8. Nf3 Be7 9. O-O O-O 10. b3 (10. Qc2 {
ser kanskje litt mer naturlig ut her.}) 10... f6 11. exf6 Bxf6 12. Bg5 cxd4 (
12... e5 13. Bxf6 Rxf6 14. Nxe5 Ndxe5 15. dxe5 Nxe5 {med helt lik stilling})
13. Bxf6 $1 Nxf6 14. cxd4 Bd7 15. Ne5 Nxe5 16. dxe5 Ng4 17. Bc2 Rac8 18. Rc1
Bb5 (18... Rxf2 $1 19. Rxf2 Qxf2+ 20. Kh1 Qh4 21. Bxh7+ Kh8 22. h3 Nf2+ {0-1})
19. h3 Qa6 {...kluss i notasjonen... Svart vant} 0-1

[Event "Høstturneringen 2013"]
[Site "Ås, Akershus NOR"]
[Date "2013.11.07"]
[Round "7"]
[White "Moberg, Jan Rune"]
[Black "Furnes, Torstein"]
[Result "0-1"]
[WhiteElo "1500"]
[BlackElo "1575"]
[Annotator "Furnes, Torstein"]
[PlyCount "107"]
[EventDate "2013.09.05"]

1. d4 d5 2. c4 e6 3. Nf3 Nf6 4. Nc3 Be7 5. cxd5 exd5 6. e3 O-O 7. Be2 Bf5 8.
O-O c6 9. a3 Nbd7 10. Bd2 Ne4 11. Be1 Bd6 12. Nxe4 dxe4 13. Nd2 Qg5 14. Nc4 $2
(14. f4 exf3 15. Rxf3 Bg4 16. Ne4) 14... Bh3 15. g3 Bxf1 16. Bxf1 Bc7 17. Bg2
Nf6 18. Rc1 Rfe8 19. Qc2 h5 20. Nd2 Qg4 $6 (20... Qd5) 21. h3 (21. Nxe4 $1 Nxe4
22. f3 Qg5 23. fxe4 Qxe3+ 24. Bf2) 21... Qe6 22. h4 Re7 23. Nb3 Bd6 24. Nc5
Bxc5 25. Qxc5 Nd5 26. Qc2 Rae8 27. b4 Qg4 28. Kh2 Qg6 29. Bh3 Qd6 30. Qe2 g6
31. Rc5 a6 32. Qd1 Kg7 33. Qb3 Kh6 (33... g5 $1 34. hxg5 h4 35. Kg2 hxg3 36.
fxg3 Rh8 37. Bf2 f5 38. Rc1 Qg6) 34. Rc1 Rg8 35. Qc2 g5 36. hxg5+ Rxg5 37. Qe2
h4 38. a4 hxg3+ 39. fxg3 Nxb4 40. Rc4 Nd5 (40... Nd3) 41. a5 f5 42. Qf2 Kg6 (
42... Rh5 43. Rc5 Rh7 44. Kg2 Kg6) 43. Kg1 Rh7 44. Bg2 Rgh5 45. Qd2 Qf6 46. Bf2
Qg5 ({Mest effektivt er} 46... Qh8 47. Kf1 Rh1+ $1 {med avgjørende angrep.} 48.
Bg1 (48. Bxh1 Rxh1+ 49. Bg1 Qh3+ 50. Kf2 Nf6 51. Rc1 Ng4+ 52. Ke2 Qg2+ 53. Kd1
Rxg1+ 54. Kc2 Nxe3+ 55. Kc3 Nd5+ 56. Kc2 Nb4+ 57. Kc3 Na2+ 58. Kb3 Nxc1+) (48.
Ke2 R7h2 49. Bxh1 Qh5+ 50. Kf1 Rxh1+ 51. Bg1 Qf3+ 52. Qf2 Nxe3+ 53. Ke1 Qd1#)
48... R7h2 49. Rc1 Rxg2 50. Kxg2 Qh3+ 51. Kf2 f4 52. exf4 e3+ 53. Qxe3 Nxe3)
47. Rc1 Qg4 (47... Rh2 {vinner mest effektivt. F.eks.} 48. Qe2 Qh6 49. Kf1 Rxg2
$1 50. Ke1 (50. Kxg2 Qh3+ 51. Kg1 Qh1#) 50... Nxe3) 48. Qd1 Qxd1+ ({Best er} 
48... Nxe3 $1 49. Qxg4+ (49. Bxe3 Qxg3 50. Kf1 Qxe3) 49... Nxg4) 49. Rxd1 Kf6
50. g4 Rg5 51. gxf5 Kxf5 52. Kf1 Rh2 53. Bxe4+ Kxe4 {
I denne stillingen har svart forsert matt i 7 trekk uansett hva hvit gjør.} 54.
Ke2 0-1